| 000 | 00561nam a22001697a 4500 | ||
|---|---|---|---|
| 003 | OSt | ||
| 008 | 260623b |||||||| |||| 00| 0 eng d | ||
| 020 | _a9788119105939 | ||
| 082 |
_a630.208142 _bP22C |
||
| 245 | _aClimate Smart Agriculture for Sustainable Tomorrow / by Sangram Paramaguru...[et al.] | ||
| 260 |
_aNew Delhi: _bInternational Books & Periodicals Supply Service, _c2025. |
||
| 300 | _ax, 254 p. | ||
| 650 | _aTechnology (Applied Sciences) | ||
| 650 | _aAgriculture and related technologies | ||
| 700 | _aParamaguru, Sangram | ||
| 942 |
_2ddc _cBK |
||
| 999 |
_c52241 _d52241 |
||